000 00790nam a22002657a 4500
001 7583
003 FISKH
005 20250724150939.0
008 250724b cb ||||| |||| 00| 0 eng d
020 _a9788120740617
040 _aFISKH
_beng
_cFISKH
_dFISKH
050 _aPZ7
082 _a590
100 _aSteel, Michael Anthony
245 _aSuperpet ! /
_bKrypto the superdog /
_cBy Michael Anthony Steele : Art by Min S. Ku and David Tanguay
260 _aNew-Delhi :
_bSterling Publishers ,
_c2008.
300 _a24 pages :
_bcolor illustrations ;
_c22 cm .
505 _aG
521 8 _a400
_bLexile estimate
521 8 _aG
_bRaz-Plus
700 _aKu, Min S.
_eIllustrator
700 _aTanguay, David
_eIllustrator
942 _2ddc
_cBK
_n0
999 _c7583
_d7583